Ulusal kurtuluş savaşçısı Atatürk (Record no. 1221)
[ view plain ]
| 000 -BAŞLIK | |
|---|---|
| Sabit Uzunlukta Kontrol Alanı | 00806na a2200265 4500 |
| 001 - KONTROL NUMARASI | |
| Denetim Alanı | 14148 |
| 003 - KONTROL NUMARASI IDENTIFIER | |
| Denetim Alanı | MIRAKIL |
| 005 - SON İŞLEM TARİHİ VE ZAMANI | |
| Denetim Alanı | 20181213154815.0 |
| 008 - SABİT-BOY VERİ ELEMANLARI - GENEL BİLGİLER | |
| Sabit Uzunlukta Kontrol Alanı | 160824b tu 000 0 |
| 020 ## - ULUSLARARASI STANDART KİTAP NUMARASI | |
| Uluslararası Standart Kitap Numarası | 9756774010 |
| 035 ## - SİSTEM KONTROL NUMARASI | |
| Sistem Kontrol Numarası | 14148 |
| 040 ## - KATALOGLAMA KAYNAK | |
| Orijinal Kataloglama Ajansı | Milas |
| Kataloglama Dili | tur |
| Metne Dönüştürmek Ajansı | TR-AnCHP |
| 082 ## - DEWEY ONLU SINIFLANDIRMA NUMARASI | |
| Sınıflandırma Numarası | ATA 956.1024 |
| Ürün Numarası | T55u 1999 |
| 090 ## - SINIFLAMA NUMARASI | |
| Sınıflama Numarası | ATA 956.1024 T55u 1999 |
| 100 ## - ANA GİRİŞ - KİŞİSEL İSİM | |
| Kişisel Ad | Timuroğlu, Vecihi |
| 245 ## - BAŞLIK TABLOSU | |
| Başlık | Ulusal kurtuluş savaşçısı Atatürk |
| Sorumluluk Tablosu, Vb | Vecihi Timuroğlu |
| 250 ## - EDITION TABLOSU | |
| Baskı Beyanı | 3. bs. |
| 260 ## - YAYIN, DAĞITIM, VB | |
| Yayın, Dağıtım, Vb Yeri | İstanbul |
| Yayıncı, Dağıtıcı, Vs Adı | Toplumsal dönüşüm yayınları |
| Yayın, Dağıtım, Vb Tarihi | 1999 |
| 300 ## - FİZİKSEL TANIM | |
| Kapsam | 240 s. |
| Boyutlar | 21 sm. |
| 490 ## - SERİSİ TABLOSU | |
| Seri Beyanı | Araştırma ve İnceleme |
| Hacim / Ardışık Tanımı | 21 |
| 490 ## - SERİSİ TABLOSU | |
| Seri Beyanı | Toplumsal Dönüşüm Yayınları |
| Hacim / Ardışık Tanımı | 107 |
| 504 ## - KAYNAKÇA VB NOT | |
| Kaynakça Vb Notu | Kaynakça ve dizin var. |
| 600 ## - KONU KATMA GİRİŞ - KURUMSAL ADI | |
| Kişisel Ad | Atatürk, Mustafa Kemal |
| Bir Adıyla İlişkilendirilen Tarihler | 1881-1938 |
| Genel Alt Bölümü | Kurtuluş Savaşı |
| 942 ## - EKLENDİ GİRİŞ ELEMANLARI (KOHA) | |
| Sınıflandırma Veya Raf Düzeni Kaynak | Dewey Decimal Classification |
| Koha Öğesi Türü | Books |
| 999 ## - SİSTEM KONTROL NUMARALARI (KOHA) | |
| Koha Biblionumber | 1221 |
| Koha Biblioitemnumber | 1221 |
| Kalıcı Konum | Mevcut Konum | Edinme Tarihi | Edinim Kaynak | Toplam Check-Out'Lar | Tam Çağrı Numarası | Barkod | Tarih Son Görülme | İtibaren Geçerli Fiyatlar | Koha Öğesi Türü |
|---|---|---|---|---|---|---|---|---|---|
| CHP Kütüphanesi | CHP Kütüphanesi | 08/24/2016 | Bağış | ATA 956.1024 T55u 1999 | 002124 | 08/24/2016 | 08/24/2016 | Books |
